书目信息 |
| 题名: |
神经生物学纲要
|
|
| 作者: | 徐科 主编 | |
| 分册: | ||
| 出版信息: | 北京 科学出版社 2000 |
|
| 页数: | 431页 | |
| 开本: | 26cm | |
| 丛书名: | 中国科学院研究生教学丛书 | |
| 单 册: | ||
| 中图分类: | Q42 | |
| 科图分类: | ||
| 主题词: | 神经生理学 , 神经--生物学 | |
| 电子资源: | ||
| ISBN: | 7-03-007397-5 | |
| 000 | 00647nam0 2200229 45 | |
| 001 | 0302241758 | |
| 005 | 20031219104105.7 | |
| 010 | @a7-03-007397-5@dCNY48.00 | |
| 100 | @a20030224d2000 km y0chiy0120 ea | |
| 101 | 0 | @achi |
| 105 | @a z 000yy | |
| 200 | 1 | @a神经生物学纲要@AShen Jing Sheng Wu Xue Gang Yao@f徐科主编@FXu Ke Zhu Bian |
| 210 | @a北京@c科学出版社@d2000 | |
| 215 | @a431页@d26cm | |
| 225 | @a中国科学院研究生教学丛书 | |
| 410 | @12001 @a中国科学院研究生教学丛书 | |
| 606 | 0 | @a神经生理学 |
| 606 | 0 | @a神经@x生物学 |
| 690 | @aQ42@v4 | |
| 701 | 0 | @a徐科@4主编 |
| 801 | @aCN@bTSTC@c20030224 | |
| 905 | @b320103-105@dQ42@e12@f3 | |
| 神经生物学纲要/徐科主编.-北京:科学出版社,2000 |
| 431页;26cm.-(中国科学院研究生教学丛书) |
| ISBN 7-03-007397-5:CNY48.00 |
| ● |
| 相关链接 |
|
|
|
|
正题名:神经生物学纲要
索取号:Q42/12
 
预约/预借
| 序号 | 登录号 | 条形码 | 馆藏地/架位号 | 状态 | 备注 |
| 1 | 0320103 | 203201034 | 第三借阅区/ [索取号:Q42/12] | 在馆 | |
| 2 | 0320104 | 203201043 | 第三借阅区/ [索取号:Q42/12] | 在馆 | |
| 3 | 0320105 | 203201052 | 第二样本阅览室/ [索取号:Q42/12] | 在馆 |